Využitie hĺbkovej analýzy účtovných dát slovenských podnikov z pohľadu ich relevantnosti dizertačná práca

Salvato in:
Dettagli Bibliografici
Autore principale: Stanková, Adriana, 1990-
Ente Autore: Fakulta hospodárskej informatiky EU. Katedra účtovníctva a audítorstva
Altri autori: Tumpach, Miloš, 1970-
Natura: Libro
Lingua:slovacco
Pubblicazione: Bratislava 2018
Soggetti:
Tags: Aggiungi Tag
Nessun Tag, puoi essere il primo ad aggiungerne!!

MARC

LEADER 00000nbm a2200000 4500
001 0246534
005 20230227104909.1
041 0 |a slo 
044 |a SK 
245 1 0 |a Využitie hĺbkovej analýzy účtovných dát slovenských podnikov z pohľadu ich relevantnosti  |b dizertačná práca  |c Adriana Stanková ; školiteľ: Miloš Tumpach 
264 1 |a Bratislava  |c 2018 
300 |a 120 s. 
610 2 0 |a dáta 
610 2 0 |a informácie účtovné 
610 2 0 |a závierka účtovná 
610 2 0 |a registre 
610 2 0 |a spoločnosti obchodné 
610 2 0 |a analýza finančná 
610 2 0 |a siete neurónové 
610 2 0 |a modely 
100 1 |a Stanková, Adriana, 1990- 
700 1 |a Tumpach, Miloš, 1970- 
710 2 |a Fakulta hospodárskej informatiky EU. Katedra účtovníctva a audítorstva